Central America Quiz - Statistics

General Stats
  • This quiz has been taken 29 times
  • The average score is 9 of 15
Answer Stats
Hint Answer % Correct
Ocean that country borders Pacific
100%
Only country to not border the Atlantic El Salvador
96%
Most populous country Guatemala
96%
Largest country by area Nicaragua
92%
Colour on every flag Blue
88%
Popular tourist nation Costa Rica
88%
Biggest economy Panama
88%
Most spoken language Spanish
88%
Capital of Honduras Tegucigalpa
68%
Major sea to the north Carribean
44%
Important coast on the above Mosquito Coast
8%
Namesake of the busiest airport Tocumen
8%
United parliament of the 7 countries PARLACEN
4%
Second largest rainforest in the Americas Penas Blancas
0%
Tallest mountain Volcan Tajumulco
0%
No matching quizzes found
Score Distribution
Percent of People with Each Score
Percentile by Number Answered
Your Score History
You have not taken this quiz